LEADER 01241nam0 2200325 450 001 000043526 005 20171206133709.0 100 $a20171113d1949----km-y0itaa50------ba 101 1 $aita 102 $aIT 200 1 $aDarwin$fMarcel Prenant 210 $a[Torino]$c<> Einaudi$d1949 215 $a211 p.$d17 cm 225 2 $aPiccola biblioteca scientifico-letteraria$v8 300 $aTraduzione di Lola Balbo 316 $aSulla pagina precedente il frontespizio, firma autografa e data : Gioacchino Viggiani 12 dicembre 1950 410 0$12001$aPiccola biblioteca scientifico-letteraria$v8 454 1$12001$aDarwin$9926409 606 1 $aDarwin,$bCharles 676 $a576.82092$v(22. ed.)$9Teorie dell'evoluzione. Persone 700 1$aPrenant,$bMarcel$086963 702 1$aBalbo,$bLola 801 0$aIT$bUniversitą della Basilicata - B.I.A.$gREICAT$2unimarc 912 $a000043526 996 $aDarwin$9926409 997 $aUNIBAS CAT $aSTD016$b01$c20171113$lBAS01$h1804 CAT $aTTM$b30$c20171206$lBAS01$h1337 FMT Z30 -1$lBAS01$LBAS01$mBOOK$1BASA2$APolo Tecnico-Scientifico$2FVIG$BFondo Viggiani$3FVig/41738$641738$5T41738$7Collocato presso la Scuola di Agraria$820171113$f35$FStanza riservata LEADER 01150nam 2200373 450 001 9910479951703321 005 20200331203646.0 010 $a1-55138-943-6 035 $a(CKB)4100000010348550 035 $a(MiAaPQ)EBC6038914 035 $a(EXLCZ)994100000010348550 100 $a20200331d2020 uy 0 101 0 $aeng 135 $aurcnu|||||||| 181 $ctxt$2rdacontent 182 $cc$2rdamedia 183 $acr$2rdacarrier 200 10$aPowerful writing structures $ebrain pocket strategies for supporting a year-long writing program /$fAdrienne Gear 210 1$aMarkham, Ontario :$cPembroke Publishers Limited,$d[2020] 210 4$d©2020 215 $a1 online resource (199 pages) 311 $a1-55138-344-6 606 $aEnglish language$xRhetoric$xStudy and teaching 608 $aElectronic books. 615 0$aEnglish language$xRhetoric$xStudy and teaching. 676 $a808.04207 700 $aGear$b Adrienne$0911102 801 0$bMiAaPQ 801 1$bMiAaPQ 801 2$bMiAaPQ 906 $aBOOK 912 $a9910479951703321 996 $aPowerful writing structures$92210217 997 $aUNINA